01670cam a2200385 a 4500001000500000005001700005020002400022020002100046040004700067050002500114082001400139100001900153245005700172260003300229300004000262500005700302500005500359500006900414500001600483505000600499520030000505521001800805521001800823650009100841650005900932650003100991650002901022650003101051650007501082650002201157650002001179650002201199655002801221700003501249169620251125084449.0 a9780545582957 (pbk) a0545582954 (pbk) aGZDcGZDdAZOdNYPdAZFX8dTEUdOCLCOdDLC00aPZ7.R79835bHal 201300a[Fic]2231 aRowling, J. K.10aHarry Potter and the goblet of fire /cJ.K. Rowling  aLondon :bBloomsbury,c2000. a636 pages :billustrations ;c19 cm aSequel to: Harry Potter and the prisoner of Azkaban. aSequel: Harry Potter and the Order of the Phoenix. aIncludes excerpt from Harry Potter and the Order of the Phoenix. a"4"--Spine. aQ aFourteen-year-old Harry Potter joins the Weasleys at the Quidditch World Cup, then enters his fourth year at Hogwarts Academy where he is mysteriously entered in an unusual contest that challenges his wizarding skills, friendships and character, amid signs that an old enemy is growing stronger. a880 bLexile aQ bRaz-Plua 0aHogwarts School of Witchcraft and Wizardry (Imaginary organization)vJuvenile fiction. 0aWeasley, Ron (Fictitious character)vJuvenile fiction. 0aWizardsvJuvenile fiction. 0aMagicvJuvenile fiction. 0aSchoolsvJuvenile fiction. 1aHogwarts School of Witchcraft and Wizardry (Imaginary place)vFiction. 1aWizardsvFiction. 1aMagicvFiction. 1aSchoolsvFiction. 7aFantasy fiction.2gsafd1 aGrandPré, Mary,eillustrator